Willie Nelson Filmography - Statistics

General Stats
  • This quiz has been taken 11 times
    5 since last reset
  • The average score is 4 of 106
Answer Stats
Type Year Name % Correct
Film 1980 Honeysuckle Rose
100%
Concert Film 2008 Willie Nelson & Friends: The Great Outlaw Valentine Concert & On the Road Again
67%
Film 1982 Barbarosa
33%
Film 1986 Red Headed Stranger
33%
Film 1984 Songwriter
33%
TV Film 1986 Stagecoach
33%
Film 2005 The Dukes of Hazzard
33%
Film 1979 The Electric Horseman
33%
Award Show 1986 20th Annual Country Music Awards
0%
TV Special 2025 ACL Presents: Willie Nelson & Family
0%
TV Special 2008 A Colbert Christmas: The Greatest Gift of All!
0%
TV Show 1994 Adventures in Wonderland
0%
Documentary Series 1992, 2002, 2016, 2019 American Masters
0%
Film 2013 Angels Sing
0%
TV Film 1991 Another Pair of Aces: Three of a Kind
0%
Film 1999 Austin Powers: The Spy Who Shagged Me
0%
TV Film 1988 Baja Oklahoma
0%
Film 2006 Beerfest
0%
Film 2008 Beer for My Horses
0%
Documentary Series 1994, 2006 Biography
0%
Film 2007 Blonde Ambition
0%
Film 2006 Broken Bridges
0%
Commercial 2023 Capital One
0%
TV Film 1982 Coming Out of the Ice
0%
TV Show 1992 Delta
0%
Film 1999 Dill Scallion
0%
TV Show 1987 Dolly
0%
TV Film 2022 Dolly Parton's Mountain Magic Christmas
0%
TV Show 1996, 1998 Dr. Quinn, Medicine Woman
0%
Film 1994 Dust to Dust
0%
Commercial 2021 FedEx
0%
Film 2007 Fighting with Anger
0%
Commercial 2002 Gap Jeans
0%
Film 2011 Get a Job
0%
Film 1997 Gone Fishin'
0%
TV Show 1995, 2007 Great Performances
0%
Film 1998 Half Baked
0%
Film 1987 Heartbeat
0%
TV Show 1985 Hee Haw
0%
Commercial 2003 H&R Block
0%
TV Show 1997 King of the Hill
0%
Documentary 2023 Long Story Short: Willie Nelson 90
0%
Film 2017 Lost in London
0%
TV Show 1986 Miami Vice
0%
TV Show 2002, 2004 Monk
0%
Film TBA My Cricket and Me
0%
TV Show 1997 Nash Bridges
0%
TV Film 1988 Once Upon a Texas Trail
0%
Short Film 2015 Only Wanna Party
0%
TV Film 1990 Pair of Aces
0%
Film 2018 Paradox
0%
TV Show 1984 Pryor's Place
0%
Film 2017 Pure Country: Pure Heart
0%
TV Show 2005 Reel Comedy
0%
TV Show 1977, 1987, 1993 Saturday Night Live
0%
Documentary Series 2014, 2015 Saving My Tomorrow
0%
Film 2011 Shoot Out of Luck
0%
Commercial 2022 SKECHERS
0%
TV Show 2003, 2010 Soundstage
0%
TV Show 2001-2003 Space Ghost Coast to Coast
0%
Film 1996 Starlight
0%
Film 2008 Surfer, Dude
0%
Film 2008 Swing Vote
0%
Documentary 2017 The American Epic Sessions
0%
Documentary 2003 The Austin Disaster, 1911
0%
Film 2004 The Big Bounce
0%
Film 2002 The Country Bears
0%
TV Film 2007 The Dukes of Hazzard: The Beginning
0%
TV Show 1969, 1970 The Glen Campbell Goodtime Hour
0%
TV Show 1982 The Glen Campbell Music Show
0%
TV Film 1986 The Last Days of Frank and Jesse James
0%
Documentary 2003 The Last Link
0%
TV Film 1999 The Long Kill
0%
TV Show 1978, 1989 The Magical World of Disney
0%
TV Show 1973 The Mike Douglas Show
0%
TV Show 2016 The Muppets.
0%
TV Show 1978 The Rockford Files
0%
TV Show 2000 The Simpsons
0%
Film 1981 Thief
0%
TV Documentary 2011 Toots and the Maytals: Reggae Got Soul
0%
TV Show 1984 Top of the Pops
0%
Commercial 2016 Volkswagen Passat
0%
Film 1997 Wag the Dog
0%
Film 2017 Waiting for Miracle to Come
0%
Film 2018 Waiting for the Miracle to Come
0%
TV Film 1988 Where the Hell's That Gold?!!?
0%
TV Film 1991 Wild Texas Wind
0%
Film 2023 Willie and Me
0%
TV Special 1979 Willie Nelson at Lake Tahoe
0%
Documentary 1998 Willie Nelson at the Teatro
0%
TV Special 1997 Willie Nelson: Down Home
0%
Documentary Series 2023 Willie Nelson & Family
0%
TV Special 2004 Willie Nelson & Friends: Outlaws & Angels
0%
Concert Film 2004 Willie Nelson: Live at Billy Bob's Texas
0%
Concert Film 2001 Willie Nelson: Live in Amsterdam
0%
Documentary 1991 Willie Nelson: My Life
0%
Documentary 2009 Willie Nelson Plays the Music of Ray Charles
0%
Documentary TBA Willie Nelson Presents: King of the Roadies
0%
Concert Film 2005 Willie Nelson: Songs for Tsunami Relief - From Austin to South Asia
0%
TV Special 1988 Willie Nelson, Texas Style
0%
TV Special 1993 Willie Nelson: The Big Six-0
0%
Short Documentary 2014 Willie Nelson: The Love of Horses
0%
Documentary 2024 Willie Nelson: The Outlaw Country King
0%
Commercial 2003 XM Satellite Radio
0%
TV Show 2001 Yo Awesome Awesome!
0%
Film 2016 Zoolander 2
0%
No matching quizzes found
Score Distribution
Percent of People with Each Score
Percentile by Number Answered
Your Score History
You have not taken this quiz since the last reset